Global status of commercialization of GM crops with special reference to India (Record no. 48828)

MARC details
000 -LEADER
fixed length control field 00504nam a2200193Ia 4500
100 ## - MAIN ENTRY--AUTHOR NAME
Personal name Kala R.G
245 #0 - TITLE STATEMENT
Title Global status of commercialization of GM crops with special reference to India
260 ## - PUBLICATION, DISTRIBUTION, ETC. (IMPRINT)
Name of publisher Rubber Science
Year of publication 2019
300 ## - PHYSICAL DESCRIPTION
Number of Pages 94-105
650 ## - SUBJECT ADDED ENTRY--TOPICAL TERM
Topical Term Biotech crops
650 ## - SUBJECT ADDED ENTRY--TOPICAL TERM
Topical Term Genetic modification
650 ## - SUBJECT ADDED ENTRY--TOPICAL TERM
Topical Term GM adoption
650 ## - SUBJECT ADDED ENTRY--TOPICAL TERM
Topical Term GM plants
700 ## - ADDED ENTRY--PERSONAL NAME
Personal name Jacob J
700 ## - ADDED ENTRY--PERSONAL NAME
Personal name Jayashree R
700 ## - ADDED ENTRY--PERSONAL NAME
Personal name Rekha K
942 ## - ADDED ENTRY ELEMENTS (KOHA)
Koha item type Bibliography STAF
Holdings
Withdrawn status Lost status Damaged status Not for loan Home library Current library Shelving location Date acquired Serial Enumeration / chronology Koha item type
      Bibliography RRII Library RRII Library Biotechnology 09/04/2014 Volume 32, Issue 1 Bibliography STAF